Los Santos Evangelios / (Record no. 33599)

MARC details
000 -LEADER
campo de control de longitud fija 00591nam a2200193 i 4500
001 - NÚMERO DE CONTROL
campo de control 33599
003 - IDENTIFICADOR DE NÚMERO DE CONTROL
campo de control ES-MaACL
005 - FECHA Y HORA DE LA ÚLTIMA TRANSACCIÓN
campo de control 20250822003238.0
007 - CAMPO FIJO DE DESCRIPCIÓN FÍSICA--INFORMACIÓN GENERAL
campo de control de longitud fija t|
008 - DATOS DE LONGITUD FIJA--INFORMACIÓN GENERAL
campo de control de longitud fija 030202s1970 sp a |||| | spa d
130 0# - ENTRADA PRINCIPAL--TÍTULO UNIFORME
Título uniforme Biblia.
Nombre de parte o sección de la obra N.T.
-- Evangelios.
Lenguaje de la obra Español.
9 (RLIN) 119305
245 14 - MENCIÓN DEL TÍTULO
Título Los Santos Evangelios /
Mención de responsabilidad, etc. traducción por Felipe de Fuenterrabía.
250 ## - MENCION DE EDICION
Mención de edición 13ª ed.
260 ## - PUBLICACIÓN, DISTRIBUCIÓN, ETC.
Lugar de publicación, distribución, etc. Estella (Navarra) :
Nombre del editor, distribuidor, etc. Verbo Divino,
Fecha de publicación, distribución, etc. 1970.
300 ## - DESCRIPCIÓN FÍSICA
Extensión 377 p. :
Otras características físicas il. ;
Dimensiones 13 cm.
700 0# - ENTRADA AGREGADA--NOMBRE PERSONAL
Nombre de persona Felipe de Fuenterrabía,
Fechas asociadas al nombre 1919-2003
9 (RLIN) 150919
852 ## - LOCALIZACIÓN
Ubicación ES-MaACL
Número de control de estantería C-48729
Holdings
Estatus retirado Estado de pérdida Estado de daño No para préstamo Biblioteca de origen Biblioteca actual Ubicación en estantería Fecha de adquisición Fuente de adquisición Total de préstamos Signatura topográfica completa Código de barras Visto por última vez Precio de reemplazo Tipo de ítem Koha
        Biblioteca del Ateneo de Madrid Biblioteca del Ateneo de Madrid Depósito 2 17/01/2008     C-48729 1034961 23/02/2023 23/02/2023 Libro impreso